Metody a zásady ve výuce biologii vysokoškolská učebnice

Podrobná bibliografia
Hlavný autor: Altmann, Antonín, 1921-1986 (Autor)
Ďalší autori: Jakešová, Miroslava, 1943- (Ilustrátor, Autor obálky)
Médium: Kniha
Jazyk:čeština
Fyzický popis:285 s. Ilustr., sch. tab. 25 cm
Vydavateľské údaje: Praha Státní pedagogické nakladatelství 1975
Vydanie:1. vyd.
Edícia:Učebnice pro vysoké školy
Predmet:

MARC

LEADER 00000cam a2200000 a 4500
001 vtls001145717
003 SK-MaSNL
005 20260427124107.0
008 250414s1975 xr oal frpn 001 0 cze
020 |q (viaz.) 
035 |a SNK000088573 
040 |a SNK  |b slo  |c SNK  |e AACR2 
041 |a cze 
044 |a xr  |c CZ 
072 7 |a 57  |x Všeobecná biológia  |2 konspekt 
072 7 |a 37.016  |x Učebné osnovy. Vyučovacie predmety. Učebnice  |2 konspekt 
080 |a 57/59:37. 016(075.8)  |2 2001 
080 |a 373.5(075.8)  |2 2001 
080 |a 37.016.026:57/59  |2 2011 
080 |a 57/59  |2 2011 
080 |a (075.8)  |2 2011 
100 1 |a Altmann, Antonín,  |d 1921-1986  |4 aut  |9 103633 
245 1 0 |a Metody a zásady ve výuce biologii  |b vysokoškolská učebnice  |c Antonín Altmann ; kresby a obálka Miroslava Jakešová 
250 |a 1. vyd. 
260 |a Praha  |b Státní pedagogické nakladatelství  |c 1975 
300 |a 285 s.  |b Ilustr., sch. tab.  |c 25 cm 
366 |e 4000 výtl. 
490 1 |a Učebnice pro vysoké školy 
504 |a Obsahuje bibliografické odkazy, register 
650 0 7 |a biológia  |2 SNKPH  |9 689 
650 0 7 |a didaktika biológie  |2 SNKPH  |9 100580 
655 7 |a učebnice vysokých škôl  |2 SNKPH  |9 70191 
700 1 |a Jakešová, Miroslava,  |d 1943-  |4 ill  |4 bjd  |9 44537 
830 0 |a Učebnice pro vysoké školy  |9 286150 
850 |a Slovenská národná knižnica 
852 |a Slovenská národná knižnica 
954 |a odborná, vedecká literatúra cudzojazyčná (svetová)  |2 lita 
958 |a OND 
958 |a TL 
958 |a NB 
958 |a UV 
958 |a CZ 
999 |c 708816  |d 710746 
952 |t P60, <04>, [BOOK], {604}  |a SNK  |b SNK  |y VYP  |7 0  |p 17A0055850  |o snkIC 63315 D1  |0 0  |1 1  |4 0  |d 1997-03-17  |l 0  |r 2005-01-01 00:00:00  |w 2026-02-23 
952 |t P60, <04>, [BOOK], {604}  |a SNK  |b SNK  |y VYP  |7 0  |p 17A0333492  |o snkIC 63315  |0 0  |1 0  |4 0  |d 2002-02-11  |l 0  |r 2005-01-01 00:00:00  |w 2026-02-23